Score 0/13 Timer 03:00
0 Plays Today
Letter Answer % Correct
BB-movie
98.3%
DD-flat
97.5%
HH-Bomb
97.3%
JJ. Crew
96.8%
NN Star
96.1%
VV-Neck
93.2%
XX-Files
92.6%
PP-Wave
91.5%
FF-Troop
90.8%
ZZ-Axis
80.1%
TT-Square
75.8%
LL-Dopa
65.3%
RR-Rated
46.4%

You're not logged in!

Compare scores with friends on all Sporcle quizzes.
OR
Log In

Sporcle TV

Today on Sporcle TV


Watch our educational content, quiz creation guides, and fun videos on Sporcle TV.

Show Comments

Extras

Top Quizzes Today


Score Distribution

Paid Content

Your Account Isn't Verified!

In order to create a playlist on Sporcle, you need to verify the email address you used during registration. Go to your Sporcle Settings to finish the process.

Report this User

Report this user for behavior that violates our Community Guidelines.

Details: